[Event "3rd Washington Chess Congress"]
[Site "Arlington, VA"]
[Date "2016.10.05"]
[Round "1"]
[White "Lowinger, Daniel"]
[Black "Li, Ruifeng"]
[Result "0-1"]
[WhiteElo "2115"]
[BlackElo "2538"]
[PlyCount "48"]
[EventDate "2016.10.??"]
[EventType "swiss"]
[EventRounds "9"]
[EventCountry "USA"]

1. e4 e5 2. Nf3 Nc6 3. Bb5 a6 4. Ba4 Nge7 5. O-O g6 6. c3 Bg7 7. d3 O-O 8. Nbd2
d6 9. Re1 b5 10. Bb3 Na5 11. Bc2 c5 12. Nf1 h6 13. Ng3 Be6 14. d4 exd4 15. cxd4
Bg4 16. dxc5 dxc5 17. h3 Bxf3 18. Qxf3 Nec6 19. Ne2 Nc4 20. Rd1 Qa5 21. Rb1
Rad8 22. Be3 Nd2 23. Qg3 Nxb1 24. Rxb1 Nb4 0-1

[Event "3rd Washington Chess Congress"]
[Site "Arlington, VA"]
[Date "2016.10.05"]
[Round "1"]
[White "Popilski, Gil"]
[Black "Huang, Andy"]
[Result "1-0"]
[WhiteElo "2564"]
[BlackElo "2152"]
[PlyCount "43"]
[EventDate "2016.10.??"]
[EventType "swiss"]
[EventRounds "9"]
[EventCountry "USA"]

1. d4 d5 2. c4 c6 3. e3 Nf6 4. Bd3 e6 5. b3 Nbd7 6. Bb2 b6 7. Nf3 Be7 8. O-O
Bb7 9. Nc3 O-O 10. Qe2 c5 11. cxd5 Nxd5 12. Nxd5 Bxd5 13. Rfd1 Rc8 14. Ba6 Rc7
15. e4 Bb7 16. Bxb7 Rxb7 17. dxc5 Bxc5 18. Ne5 Qc8 19. Nc4 Rd8 20. Qg4 g6 21.
Qh4 Rb8 22. Rd3 1-0

[Event "3rd Washington Chess Congress"]
[Site "Arlington, VA"]
[Date "2016.10.05"]
[Round "1"]
[White "Stukopin, Andrey"]
[Black "Jacobson, Brandon"]
[Result "1-0"]
[WhiteElo "2596"]
[BlackElo "2198"]
[PlyCount "59"]
[EventDate "2016.10.??"]
[EventType "swiss"]
[EventRounds "9"]
[EventCountry "USA"]

1. e4 c5 2. Nf3 e6 3. d4 cxd4 4. Nxd4 Nc6 5. Nc3 Qc7 6. Be3 a6 7. Be2 b5 8.
Nxc6 Qxc6 9. Bf3 Bb7 10. O-O Qc7 11. Re1 d6 12. a4 b4 13. Na2 Nf6 14. Bd2 d5
15. exd5 Nxd5 16. Bxd5 Bxd5 17. Nxb4 Bb7 18. Qh5 O-O-O 19. Nd3 Rd5 20. Re5 g6
21. Qe2 Bd6 22. Rxd5 Bxh2+ 23. Kh1 Bxd5 24. f4 Bg3 25. Qg4 h5 26. Qxg3 h4 27.
Qh3 Rh5 28. Ra3 Kb8 29. Rc3 Qb7 30. Kh2 1-0

[Event "3rd Washington Chess Congress"]
[Site "Arlington, VA"]
[Date "2016.10.05"]
[Round "1"]
[White "Checa, Nicolas"]
[Black "Aiken, Richard"]
[Result "1-0"]
[WhiteElo "2420"]
[BlackElo "1974"]
[PlyCount "79"]
[EventDate "2016.10.??"]
[EventType "swiss"]
[EventRounds "9"]
[EventCountry "USA"]

1. Nf3 d5 2. c4 c6 3. d4 Nf6 4. Nc3 Nbd7 5. Bf4 e6 6. e3 Bb4 7. Qc2 Ne4 8. Bd3
Qa5 9. Bxe4 dxe4 10. Nd2 Nf6 11. O-O Bxc3 12. bxc3 O-O 13. Be5 Ng4 14. Bd6 Rd8
15. c5 f5 16. h3 Nf6 17. Nc4 Qa6 18. Qb3 Nd5 19. Ne5 b5 20. a4 Bd7 21. axb5
Qxb5 22. Qc2 Qb7 23. Rfb1 Qc8 24. c4 Nf6 25. Qc3 h6 26. Qa5 Kh7 27. Rb2 Rg8 28.
Rab1 Qe8 29. Rb7 a6 30. Rc7 Rb8 31. Rxb8 Qxb8 32. Nxd7 Qb1+ 33. Kh2 Ne8 34. Ra7
Qc2 35. Bg3 Qxc4 36. Qxa6 Qd5 37. Qc8 Kh8 38. Ne5 Nf6 39. Qxc6 Qb3 40. Bh4 1-0

[Event "3rd Washington Chess Congress"]
[Site "Arlington, VA"]
[Date "2016.10.05"]
[Round "1"]
[White "Greanias, Steven"]
[Black "Drozdowski, Kacper"]
[Result "0-1"]
[WhiteElo "2089"]
[BlackElo "2507"]
[PlyCount "66"]
[EventDate "2016.10.??"]
[EventType "swiss"]
[EventRounds "9"]
[EventCountry "USA"]

1. c4 e6 2. Nf3 d5 3. d4 c6 4. g3 dxc4 5. Bg2 Nf6 6. O-O Nbd7 7. Qc2 b5 8. b3
cxb3 9. Qxc6 b2 10. Bxb2 Rb8 11. Nbd2 Bb7 12. Qc2 Be7 13. Rfc1 O-O 14. a4 b4
15. Nc4 Rc8 16. Qd1 Nb6 17. Nxb6 Qxb6 18. Ne5 Bxg2 19. Kxg2 Qb7+ 20. f3 Nd5 21.
Qd3 Bg5 22. Rxc8 Rxc8 23. h4 Bf6 24. Ng4 h5 25. Nxf6+ gxf6 26. Kf2 b3 27. Rb1
Qb4 28. Ba1 Nc3 29. Bxc3 Rxc3 30. Qd1 Qc4 31. Qd2 Rc2 32. Qe3 b2 33. a5 Qa2 0-1

[Event "3rd Washington Chess Congress"]
[Site "Arlington, VA"]
[Date "2016.10.05"]
[Round "1"]
[White "McKinney, Christopher"]
[Black "Wegerle, Joerg"]
[Result "0-1"]
[WhiteElo "1993"]
[BlackElo "2442"]
[PlyCount "54"]
[EventDate "2016.10.??"]
[EventType "swiss"]
[EventRounds "9"]
[EventCountry "USA"]

1. e4 c5 2. Nc3 a6 3. f4 b5 4. a4 b4 5. Nb1 Bb7 6. d3 e6 7. Nf3 d5 8. Nbd2 Nf6
9. e5 Nfd7 10. Be2 Nc6 11. O-O g6 12. Qe1 Bg7 13. h3 Qe7 14. c4 O-O 15. Nb3 f6
16. exf6 Bxf6 17. Nh2 Nd4 18. Nxd4 Bxd4+ 19. Kh1 e5 20. Bf3 Qd6 21. fxe5 Nxe5
22. Be2 Rxf1+ 23. Bxf1 Qf6 24. Ra2 Bf2 25. Qd2 Rf8 26. b3 Bg3 27. Be2 d4 0-1

[Event "3rd Washington Chess Congress"]
[Site "Arlington, VA"]
[Date "2016.10.05"]
[Round "1"]
[White "Balakrishnan, Praveen"]
[Black "Fellman, Mike"]
[Result "1-0"]
[WhiteElo "2458"]
[BlackElo "2458"]
[PlyCount "73"]
[EventDate "2016.10.??"]
[EventType "swiss"]
[EventRounds "9"]
[EventCountry "USA"]

1. e4 c5 2. Nf3 d6 3. d4 cxd4 4. Nxd4 Nf6 5. Nc3 a6 6. Be2 e5 7. Nb3 Be7 8. O-O
O-O 9. Kh1 b6 10. Be3 Nbd7 11. a4 Bb7 12. f3 Rc8 13. Rf2 Qc7 14. Bf1 Rfd8 15.
Rd2 Qc6 16. Nc1 Qc7 17. N1a2 Ra8 18. b3 Nc5 19. Bc4 Ne6 20. Nb4 Nd4 21. Bxd4
exd4 22. Rxd4 a5 23. Nb5 Qb8 24. Na2 Ne8 25. Rb1 Bf6 26. Rd3 Be5 27. Qf1 d5 28.
exd5 Bxh2 29. f4 Bxf4 30. Qf2 Qe5 31. Rf1 g5 32. g3 Rxd5 33. Bxd5 Bxd5+ 34. Kh2
Nf6 35. gxf4 Ng4+ 36. Kg3 gxf4+ 37. Qxf4 1-0

[Event "3rd Washington Chess Congress"]
[Site "Arlington, VA"]
[Date "2016.10.05"]
[Round "1"]
[White "Mulyar, Michael"]
[Black "Yagiz, Bora"]
[Result "1-0"]
[WhiteElo "2406"]
[BlackElo "1913"]
[PlyCount "63"]
[EventDate "2016.10.??"]
[EventType "swiss"]
[EventRounds "9"]
[EventCountry "USA"]

1. d4 d6 2. Nf3 Nf6 3. g3 g6 4. Bg2 Bg7 5. O-O O-O 6. c4 Nbd7 7. Nc3 e5 8. e4
exd4 9. Nxd4 Re8 10. h3 a6 11. Be3 Rb8 12. a4 Ne5 13. b3 Bd7 14. Rc1 Qc8 15.
Kh2 c5 16. Nde2 Rd8 17. Bg5 Be6 18. Nf4 Rd7 19. Bxf6 Bxf6 20. Nfd5 Bxd5 21.
exd5 Rd8 22. Ne4 Be7 23. Qe2 f5 24. f4 fxe4 25. fxe5 dxe5 26. Qxe4 Bd6 27. Rf6
Qc7 28. Qg4 Qe7 29. Re6 Qc7 30. Be4 Rd7 31. Rf1 Rg7 32. Rff6 1-0

[Event "3rd Washington Chess Congress"]
[Site "Arlington, VA"]
[Date "2016.10.05"]
[Round "1"]
[White "Guo, Arthur"]
[Black "Sadorra, Julio"]
[Result "1-0"]
[WhiteElo "2168"]
[BlackElo "2573"]
[PlyCount "74"]
[EventDate "2016.10.??"]
[EventType "swiss"]
[EventRounds "9"]
[EventCountry "USA"]

1. e4 c5 2. Nf3 e6 3. d4 cxd4 4. Nxd4 a6 5. Bd3 Nf6 6. O-O Qc7 7. Nc3 d6 8. a4
b6 9. Qe2 Bb7 10. Be3 Nbd7 11. Nb3 Be7 12. Rad1 O-O 13. f4 Rfc8 14. Kh1 d5 15.
exd5 Nxd5 16. Nxd5 Bxd5 17. Bd4 Qc6 18. a5 b5 19. Qg4 Bf6 20. Qh3 g6 21. Bxf6
Nxf6 22. Nd4 Qc5 23. c3 Bc4 24. Rde1 Bxd3 25. Qxd3 b4 26. f5 exf5 27. Nxf5 gxf5
28. Rxf5 Qc6 29. Qg3+ Kh8 30. Qh4 Re8 31. Ref1 Ne4 32. Rxf7 Qg6 33. cxb4 Rg8
34. Qh3 Rac8 35. R7f4 Rc2 36. g3 Qc6 37. Kg1 Ng5 1-0

[Event "3rd Washington Chess Congress"]
[Site "Arlington, VA"]
[Date "2016.10.05"]
[Round "1"]
[White "Jian, Alex"]
[Black "Raghuram Rao, Prasanna"]
[Result "1/2-1/2"]
[WhiteElo "2037"]
[BlackElo "2466"]
[PlyCount "75"]
[EventDate "2016.10.??"]
[EventType "swiss"]
[EventRounds "9"]
[EventCountry "USA"]

1. d4 Nf6 2. c4 e6 3. Nc3 Bb4 4. Qc2 d5 5. cxd5 exd5 6. Bg5 h6 7. Bh4 c5 8.
dxc5 g5 9. Bg3 Ne4 10. e3 Qa5 11. Be5 O-O 12. Bd3 Re8 13. Bxe4 dxe4 14. Bd6 Nc6
15. Nge2 Bxc5 16. Bxc5 Qxc5 17. O-O Bf5 18. Rfd1 Nb4 19. Qb3 Be6 20. Qa3 f5 21.
Nd4 Nd3 22. Qxc5 Nxc5 23. Nxe6 Nxe6 24. Rd7 Red8 25. Rad1 b6 26. Kf1 Rxd7 27.
Rxd7 Nc5 28. Rd5 Rf8 29. Ke2 Kg7 30. Nb5 Kg6 31. a3 Nd3 32. Nxa7 Nxb2 33. Rb5
Nc4 34. Rb4 Ra8 35. Rxc4 Rxa7 36. Rc6+ Kg7 37. Rxb6 Rxa3 38. Rb5 1/2-1/2

[Event "3rd Washington Chess Congress"]
[Site "Arlington, VA"]
[Date "2016.10.05"]
[Round "1"]
[White "Raznikov, Dani"]
[Black "Ulrich, Rachel"]
[Result "1-0"]
[WhiteElo "2531"]
[BlackElo "2114"]
[PlyCount "65"]
[EventDate "2016.10.??"]
[EventType "swiss"]
[EventRounds "9"]
[EventCountry "USA"]

1. d4 d5 2. Bf4 c5 3. e3 Nf6 4. Nf3 Qb6 5. Nc3 Bf5 6. Bxb8 Rxb8 7. Bb5+ Bd7 8.
dxc5 Qxc5 9. Bxd7+ Kxd7 10. e4 e6 11. exd5 Nxd5 12. Nxd5 Qxd5 13. Qxd5+ exd5
14. O-O-O Kc7 15. Rxd5 Be7 16. Rhd1 Rbd8 17. c3 Rhe8 18. Rxd8 Bxd8 19. Re1 Rf8
20. Kc2 Bf6 21. a4 h5 22. Re4 Rd8 23. Nd2 Rd5 24. Nc4 Rf5 25. f4 h4 26. Ne3 Rh5
27. Re8 Ra5 28. b3 b5 29. axb5 h3 30. gxh3 Rxb5 31. Rf8 Rh5 32. Rxf7+ Kb6 33.
Ng4 1-0

[Event "3rd Washington Chess Congress"]
[Site "Arlington, VA"]
[Date "2016.10.05"]
[Round "1"]
[White "Jaquez, Juan"]
[Black "Kadric, Denis"]
[Result "1-0"]
[WhiteElo "2188"]
[BlackElo "2594"]
[PlyCount "104"]
[EventDate "2016.10.??"]
[EventType "swiss"]
[EventRounds "9"]
[EventCountry "USA"]

1. e4 g6 2. d4 Bg7 3. Nc3 a6 4. Be3 d6 5. Be2 b5 6. a4 b4 7. Na2 a5 8. c3 bxc3
9. Nxc3 Nd7 10. f4 e6 11. Nf3 Ne7 12. O-O O-O 13. Qd2 d5 14. e5 Ba6 15. Rfc1 c6
16. Bf2 Qb6 17. Rc2 Rfb8 18. Rac1 Bf8 19. g4 Qb4 20. Bxa6 Rxa6 21. Ne1 Qb7 22.
Nd3 Rb6 23. Ne2 Qa6 24. Ng3 Rb3 25. Rc3 Rxc3 26. Rxc3 Qc8 27. Qc2 Rb6 28. f5
exf5 29. gxf5 Nb8 30. f6 Nf5 31. Nf4 Nxg3 32. Rxg3 Qe8 33. h4 Bh6 34. Ng2 Nd7
35. h5 c5 36. Nh4 Kh8 37. hxg6 fxg6 38. Nxg6+ hxg6 39. Rh3 Nxf6 40. exf6 Kh7
41. Qxc5 Rxf6 42. Qxd5 Qxa4 43. b3 Qa1+ 44. Kg2 Kg7 45. Qe5 Qc1 46. Rf3 Qg5+
47. Bg3 Kf7 48. Qc7+ Kg8 49. Qd8+ Kf7 50. Qd7+ Kg8 51. Qe8+ Bf8 52. Rxf6 Qxf6
1-0

[Event "3rd Washington Chess Congress"]
[Site "Arlington, VA"]
[Date "2016.10.05"]
[Round "1"]
[White "Zhang, Yuanchen"]
[Black "Collier, Philip"]
[Result "1-0"]
[WhiteElo "2289"]
[BlackElo "1789"]
[PlyCount "111"]
[EventDate "2016.10.??"]
[EventType "swiss"]
[EventRounds "9"]
[EventCountry "USA"]

1. e4 e6 2. d4 d5 3. Nc3 dxe4 4. Nxe4 Be7 5. Nf3 Nf6 6. Bd3 Nbd7 7. Nxf6+ Nxf6
8. O-O O-O 9. Qe2 c5 10. Rd1 Qc7 11. dxc5 Qxc5 12. Bf4 Bd7 13. Ne5 Be8 14. c4
Rd8 15. Rab1 a5 16. Rd2 Qb6 17. Be3 Qc7 18. f4 Bb4 19. Rdd1 Bc5 20. Bxc5 Qxc5+
21. Qf2 Qxf2+ 22. Kxf2 g6 23. Be2 Ba4 24. b3 Bc6 25. Nxc6 bxc6 26. Rxd8 Rxd8
27. b4 Ne4+ 28. Ke3 Nc3 29. Rb3 axb4 30. Rxb4 c5 31. Rb2 Ra8 32. Bf3 Ra3 33.
Kd2 Nxa2 34. Rb5 Nb4 35. Rxc5 Kg7 36. Rb5 Nd3 37. c5 Nxf4 38. c6 Rd3+ 39. Kc2
Rd8 40. g3 Nd5 41. Bxd5 exd5 42. Kd3 Kf6 43. Kd4 Ke6 44. Kc5 Rc8 45. Rb1 d4 46.
Re1+ Kf6 47. Kb6 Kf5 48. Kb7 Rf8 49. c7 d3 50. c8=Q+ Rxc8 51. Kxc8 Kg4 52. Rd1
Kh3 53. Rxd3 Kxh2 54. Kd7 f5 55. Ke6 h5 56. Kf6 1-0

[Event "3rd Washington Chess Congress"]
[Site "Arlington, VA"]
[Date "2016.10.05"]
[Round "1"]
[White "Berczes, David"]
[Black "Orizondo, Hugo"]
[Result "1-0"]
[WhiteElo "2478"]
[BlackElo "2050"]
[PlyCount "85"]
[EventDate "2016.10.??"]
[EventType "swiss"]
[EventRounds "9"]
[EventCountry "USA"]

1. d4 Nf6 2. c4 e6 3. Nf3 d5 4. g3 Bb4+ 5. Bd2 Be7 6. Bg2 O-O 7. O-O Nbd7 8.
Nc3 c6 9. Bf4 b6 10. Rc1 Bb7 11. cxd5 Nxd5 12. Nxd5 exd5 13. Qa4 a5 14. Rxc6
Bxc6 15. Qxc6 Rc8 16. Qxd5 Nf6 17. Qf5 g6 18. Qd3 Nd5 19. Bh6 Re8 20. Ne5 Bf8
21. Qb3 Bxh6 22. Bxd5 Rxe5 23. Bxf7+ Kh8 24. dxe5 Qd4 25. e6 Bf8 26. e3 Qb4 27.
Qxb4 axb4 28. Rd1 Kg7 29. Rd7 Kf6 30. e4 Rc1+ 31. Kg2 Re1 32. Bxg6 Kxe6 33.
Bf5+ Kf6 34. f4 Be7 35. g4 Re2+ 36. Kg3 Rxb2 37. g5+ Kf7 38. Bxh7 Rxa2 39. g6+
Kg7 40. Rxe7+ Kh6 41. Bg8 Ra3+ 42. Kg4 Kxg6 43. Bd5 1-0

[Event "3rd Washington Chess Congress"]
[Site "Arlington, VA"]
[Date "2016.10.05"]
[Round "1"]
[White "Prem, Pranav"]
[Black "Kaufman, Larry C"]
[Result "0-1"]
[WhiteElo "1765"]
[BlackElo "2285"]
[PlyCount "78"]
[EventDate "2016.10.??"]
[EventType "swiss"]
[EventRounds "9"]
[EventCountry "USA"]

1. d4 Nf6 2. c4 e6 3. Nc3 Bb4 4. e3 O-O 5. Nge2 Re8 6. a3 Bf8 7. Nf4 d6 8. Bd3
e5 9. dxe5 dxe5 10. Nfd5 Nfd7 11. Ne4 c6 12. Ndc3 f5 13. Ng3 g6 14. O-O Nc5 15.
Bc2 a5 16. b3 Be6 17. Qe2 Nbd7 18. Bb2 Qh4 19. Rfd1 Nf6 20. Nf1 e4 21. b4 axb4
22. axb4 Rxa1 23. Rxa1 Nd3 24. Bxd3 exd3 25. Qxd3 Bxc4 26. Qc2 b5 27. Nd2 Ng4
28. Nf3 Qe7 29. Ba3 Ra8 30. h3 Ne5 31. Nd4 Qf6 32. Qb1 Nd3 33. Nce2 f4 34. exf4
Qh4 35. Ng3 Qxf4 36. Nf3 Re8 37. Qd1 Nxf2 38. Qd7 Re7 39. Qxc6 Qxg3 0-1

[Event "3rd Washington Chess Congress"]
[Site "Arlington, VA"]
[Date "2016.10.05"]
[Round "1"]
[White "Brodsky, David"]
[Black "Altman, Joshua"]
[Result "1-0"]
[WhiteElo "2277"]
[BlackElo "1735"]
[PlyCount "93"]
[EventDate "2016.10.??"]
[EventType "swiss"]
[EventRounds "9"]
[EventCountry "USA"]

1. d4 Nf6 2. c4 e6 3. Nc3 Bb4 4. e3 O-O 5. Bd3 d5 6. Nf3 dxc4 7. Bxc4 c5 8. O-O
Nc6 9. a3 Bxc3 10. bxc3 cxd4 11. exd4 h6 12. Qe2 Qc7 13. Ba2 Rd8 14. Bb2 b6 15.
Rfd1 Bb7 16. c4 Ba6 17. Rac1 Rac8 18. Qe1 Re8 19. Qd2 Ne4 20. Qc2 Qf4 21. Re1
Nd6 22. Qc3 f6 23. c5 Nd8 24. Qb4 N6f7 25. d5 Qxb4 26. axb4 e5 27. d6 Bb5 28.
cxb6 Rxc1 29. Rxc1 axb6 30. Rc7 Ne6 31. Re7 Rxe7 32. dxe7 Nc7 33. Bc1 Be8 34.
Be3 b5 35. Nh4 Na6 36. Nf5 Nxb4 37. Nd6 Nxa2 38. Nxe8 b4 39. Nxf6+ gxf6 40.
e8=Q+ Kg7 41. Qa4 Nc3 42. Qxb4 Nd5 43. Qg4+ Kf8 44. Bd2 Ke7 45. Qg6 Nc7 46.
Bb4+ Ke6 47. Qg4+ 1-0

[Event "3rd Washington Chess Congress"]
[Site "Arlington, VA"]
[Date "2016.10.05"]
[Round "1"]
[White "De Fotis, Gary"]
[Black "Aponte, Felix Ynojosa"]
[Result "1/2-1/2"]
[WhiteElo "1959"]
[BlackElo "2410"]
[PlyCount "75"]
[EventDate "2016.10.??"]
[EventType "swiss"]
[EventRounds "9"]
[EventCountry "USA"]

1. d4 Nf6 2. c4 e6 3. Nc3 d5 4. cxd5 exd5 5. Bg5 c6 6. Qc2 Bd6 7. e3 O-O 8. Bd3
h6 9. Bh4 Re8 10. Nf3 Bg4 11. Nd2 Nbd7 12. O-O a6 13. Rae1 Rc8 14. f3 Be6 15.
e4 Qb6 16. Bf2 dxe4 17. Ndxe4 Qc7 18. Nxd6 Qxd6 19. Ne4 Qd5 20. b3 b5 21. Rc1
Nh5 22. Nc3 Qg5 23. Ne4 Qe7 24. Qd2 g5 25. Rfe1 Qf8 26. Nc5 Nxc5 27. Rxc5 Bd5
28. Be4 Nf6 29. Bf5 Rxe1+ 30. Bxe1 Rd8 31. Qb4 Nh5 32. Rc2 Qe8 33. Qd2 Ng7 34.
Bh3 f5 35. Bf2 Qd7 36. Qd1 h5 37. g3 g4 38. Bg2 1/2-1/2

[Event "3rd Washington Chess Congress"]
[Site "Arlington, VA"]
[Date "2016.10.05"]
[Round "1"]
[White "Belous, Vladimir"]
[Black "Gorti, Akshita"]
[Result "1-0"]
[WhiteElo "2585"]
[BlackElo "2182"]
[PlyCount "61"]
[EventDate "2016.10.??"]
[EventType "swiss"]
[EventRounds "9"]
[EventCountry "USA"]

1. c4 e5 2. g3 c6 3. Nf3 e4 4. Nd4 d5 5. cxd5 cxd5 6. d3 Nf6 7. Nc3 Bc5 8. Nb3
Be7 9. dxe4 dxe4 10. Qxd8+ Bxd8 11. Bg2 Bf5 12. Nc5 Nc6 13. Nxb7 Be7 14. Bf4
O-O 15. Nd6 Bxd6 16. Bxd6 Rfe8 17. O-O Rad8 18. Rfd1 Re6 19. Bf4 h6 20. Rxd8+
Nxd8 21. Nb5 Rb6 22. a4 Nc6 23. Be3 Rb8 24. Nxa7 Nxa7 25. Bxa7 Rxb2 26. Bd4 Rb8
27. a5 Re8 28. a6 Bd7 29. a7 Bc6 30. Bxf6 gxf6 31. Ra6 1-0

[Event "3rd Washington Chess Congress"]
[Site "Arlington, VA"]
[Date "2016.10.06"]
[Round "2"]
[White "Ulrich, Rachel"]
[Black "Prem, Pranav"]
[Result "1-0"]
[WhiteElo "2114"]
[BlackElo "1765"]
[PlyCount "87"]
[EventDate "2016.10.??"]
[EventType "swiss"]
[EventRounds "9"]
[EventCountry "USA"]

1. e4 e6 2. d4 d5 3. Nc3 Nf6 4. e5 Nfd7 5. f4 c5 6. Nf3 Nc6 7. Be3 a6 8. Qd2 b5
9. dxc5 Bxc5 10. Bd3 Qb6 11. Bf2 Bb7 12. O-O Rc8 13. Rae1 Bxf2+ 14. Rxf2 Ne7
15. Ne2 Nc5 16. Ned4 Nxd3 17. Qxd3 O-O 18. f5 exf5 19. Nxf5 Nxf5 20. Qxf5 Qe6
21. Nd4 Qb6 22. Qf4 Qg6 23. Nf5 Qe6 24. Qg5 g6 25. Ne7+ Kh8 26. Nxc8 Qxc8 27.
Qf6+ Kg8 28. e6 fxe6 29. Qxf8+ Qxf8 30. Rxf8+ Kxf8 31. Rxe6 Kf7 32. Rb6 Bc8 33.
Rd6 Ke7 34. Rxd5 Ke6 35. Rc5 Kd7 36. Kf2 Bb7 37. g3 Kd6 38. b4 Kd7 39. Ke3 Kd6
40. Kd4 h6 41. c4 bxc4 42. Kxc4 Bc6 43. Ra5 Bb5+ 44. Rxb5 1-0

[Event "3rd Washington Chess Congress"]
[Site "Arlington, VA"]
[Date "2016.10.06"]
[Round "2"]
[White "Aponte, Felix Ynojosa"]
[Black "Balkhamishvili, Tamara"]
[Result "1-0"]
[WhiteElo "2410"]
[BlackElo "2058"]
[PlyCount "63"]
[EventDate "2016.10.??"]
[EventType "swiss"]
[EventRounds "9"]
[EventCountry "USA"]

1. c4 f5 2. Nc3 Nf6 3. Nf3 g6 4. g3 Bg7 5. Bg2 O-O 6. O-O d6 7. d4 Nc6 8. Rb1
e5 9. Bg5 e4 10. Ne1 h6 11. Bxf6 Qxf6 12. e3 Qf7 13. f3 Qxc4 14. fxe4 Ne7 15.
Rc1 Qa6 16. Qb3+ Kh7 17. Nb5 Qb6 18. Nxc7 Qxb3 19. axb3 Rb8 20. Nb5 fxe4 21.
Rxf8 Bxf8 22. Nxd6 Be6 23. Rc7 Kh8 24. Rxb7 Rxb7 25. Nxb7 Nf5 26. Kf2 Bd5 27.
Nc5 Bxc5 28. dxc5 Kg7 29. b4 Kf6 30. Nc2 Ne7 31. Nd4 g5 32. Bh3 1-0

[Event "3rd Washington Chess Congress"]
[Site "Arlington, VA"]
[Date "2016.10.06"]
[Round "2"]
[White "Jacobson, Brandon"]
[Black "De Fotis, Gary"]
[Result "1-0"]
[WhiteElo "2198"]
[BlackElo "1959"]
[PlyCount "79"]
[EventDate "2016.10.??"]
[EventType "swiss"]
[EventRounds "9"]
[EventCountry "USA"]

1. d4 Nf6 2. c4 e6 3. Nf3 b6 4. g3 Bb7 5. Bg2 Be7 6. O-O O-O 7. b3 d5 8. cxd5
exd5 9. Nc3 Nbd7 10. Bb2 Ne4 11. Ne1 Ndf6 12. Nd3 Nxc3 13. Bxc3 Ne4 14. Rc1 Bf6
15. Bb2 Re8 16. b4 a6 17. a4 Qe7 18. Qc2 c6 19. f3 Nd6 20. e4 Nc4 21. e5 Bg5
22. f4 Ne3 23. Qf2 Nxf1 24. fxg5 Nxh2 25. Kxh2 Qxg5 26. Rf1 Re7 27. Bc1 Qg6 28.
Nf4 Qb1 29. Be3 Qxb4 30. Nh5 Rf8 31. Nxg7 Bc8 32. Qf6 Re6 33. Nxe6 fxe6 34.
Qg5+ Kh8 35. Qh6 Kg8 36. Rf6 Qe7 37. Bg5 Qg7 38. Qh4 Re8 39. Bh6 Qd7 40. Rf4
1-0

[Event "3rd Washington Chess Congress"]
[Site "Arlington, VA"]
[Date "2016.10.06"]
[Round "2"]
[White "Heidari, Ako"]
[Black "Raznikov, Dani"]
[Result "0-1"]
[WhiteElo "1799"]
[BlackElo "2531"]
[PlyCount "68"]
[EventDate "2016.10.??"]
[EventType "swiss"]
[EventRounds "9"]
[EventCountry "USA"]

1. c4 c5 2. Nc3 g6 3. g3 Bg7 4. Bg2 Nc6 5. a3 d6 6. Rb1 Rb8 7. b4 Bf5 8. Ne4
Nf6 9. Nxf6+ Bxf6 10. d3 Qc8 11. bxc5 dxc5 12. Bd2 h5 13. h4 O-O 14. Nh3 Nd4
15. Nf4 Qd7 16. O-O Bg4 17. Re1 Bg7 18. Kh2 Rfd8 19. Be3 b6 20. Bd5 Qe8 21. Bg2
Bd7 22. Bxd4 cxd4 23. Rb4 Be5 24. Qc1 Rbc8 25. Nd5 e6 26. Nf4 Qe7 27. Rb1 Rc5
28. Kg1 Ra5 29. Ra1 Bd6 30. a4 Rxa4 31. Rxa4 Bxa4 32. Qa1 Be8 33. e3 dxe3 34.
fxe3 Bxf4 0-1

[Event "3rd Washington Chess Congress"]
[Site "Arlington, VA"]
[Date "2016.10.06"]
[Round "2"]
[White "Kaufman, Larry C"]
[Black "Belous, Vladimir"]
[Result "0-1"]
[WhiteElo "2285"]
[BlackElo "2585"]
[PlyCount "61"]
[EventDate "2016.10.??"]
[EventType "swiss"]
[EventRounds "9"]
[EventCountry "USA"]

1. e4 c5 2. Nf3 Nc6 3. Bb5 g6 4. Bxc6 dxc6 5. d3 Bg7 6. h3 Nh6 7. Nc3 f6 8. Be3
b6 9. O-O e5 10. a3 a5 11. Na4 f5 12. Bxh6 Bxh6 13. exf5 Bxf5 14. Nxe5 O-O 15.
Re1 Qc7 16. Ng4 Bg7 17. Qd2 Kh8 18. Re2 Rad8 19. Rae1 Rd4 20. Re7 Qd8 21. b3
Bxg4 22. hxg4 Rxg4 23. Qe2 Rgf4 24. Re8 Qc7 25. g3 Rxe8 26. Qxe8+ Rf8 27. Re7
Qd6 28. Qd7 Qf6 29. Re2 Qf3 30. Qe7 Bd4 31. Kh2 0-1

[Event "3rd Washington Chess Congress"]
[Site "Arlington, VA"]
[Date "2016.10.06"]
[Round "2"]
[White "Collier, Philip"]
[Black "Lowinger, Daniel"]
[Result "0-1"]
[WhiteElo "1789"]
[BlackElo "2115"]
[PlyCount "70"]
[EventDate "2016.10.??"]
[EventType "swiss"]
[EventRounds "9"]
[EventCountry "USA"]

1. Nf3 Nf6 2. d4 g6 3. c4 Bg7 4. Nc3 O-O 5. g3 d5 6. cxd5 Nxd5 7. Bd2 Nb6 8. e3
Nc6 9. Bg2 Nc4 10. Bc1 e5 11. d5 Ne7 12. O-O c6 13. dxc6 Qxd1 14. Rxd1 Nxc6 15.
b3 Nb6 16. Bb2 e4 17. Ng5 f5 18. Nh3 Ne5 19. Nb5 Nf3+ 20. Bxf3 Bxb2 21. Rab1
Bf6 22. Be2 g5 23. Kg2 h6 24. Rbc1 Be5 25. Nc7 Rb8 26. Nd5 Kg7 27. Nxb6 axb6
28. Rd5 Bb2 29. Rc7+ Rf7 30. Rc2 Ba3 31. Bh5 Rf8 32. Rc7+ Kh8 33. Ng1 Be6 34.
Rd2 Bb4 35. Rdc2 Bd6 0-1

[Event "3rd Washington Chess Congress"]
[Site "Arlington, VA"]
[Date "2016.10.06"]
[Round "2"]
[White "Wang, Wesley"]
[Black "Ramanathan, Suraj"]
[Result "1-0"]
[WhiteElo "2076"]
[BlackElo "1672"]
[PlyCount "71"]
[EventDate "2016.10.??"]
[EventType "swiss"]
[EventRounds "9"]
[EventCountry "USA"]

1. e4 c5 2. Nf3 d6 3. d4 cxd4 4. Nxd4 Nf6 5. Nc3 a6 6. f4 e6 7. Qf3 Qc7 8. g4
Be7 9. g5 Nfd7 10. Be3 Nc6 11. O-O-O Nc5 12. f5 Bd7 13. f6 Bf8 14. Qg3 Ne5 15.
Bf4 O-O-O 16. Be2 g6 17. h4 h5 18. Rd2 Nc6 19. Nf3 e5 20. Be3 Be6 21. Rhd1 Re8
22. Kb1 Qa5 23. a3 Kb8 24. Qg1 Qc7 25. Qe1 Rg8 26. b4 Nd7 27. Nd5 Bxd5 28. Rxd5
Nb6 29. Bxb6 Qxb6 30. Qd2 Rc8 31. c4 Nd8 32. c5 Qc6 33. cxd6 Qa4 34. Kb2 Nc6
35. Rc1 Rd8 36. Bd1 1-0

[Event "3rd Washington Chess Congress"]
[Site "Arlington, VA"]
[Date "2016.10.06"]
[Round "2"]
[White "Raghuram Rao, Prasanna"]
[Black "Brodsky, David"]
[Result "1/2-1/2"]
[WhiteElo "2466"]
[BlackElo "2277"]
[PlyCount "81"]
[EventDate "2016.10.??"]
[EventType "swiss"]
[EventRounds "9"]
[EventCountry "USA"]

1. d4 Nf6 2. Nf3 d5 3. c4 c6 4. Nc3 dxc4 5. a4 Bf5 6. e3 e6 7. Bxc4 Bb4 8. O-O
Nbd7 9. Qb3 a5 10. Na2 Be7 11. Bd2 Qc7 12. Rfd1 O-O 13. Rac1 Ne4 14. Be1 Bd6
15. Bd3 Nef6 16. Bxf5 exf5 17. Nc3 Qb6 18. Qc2 g6 19. d5 Rac8 20. dxc6 Rxc6 21.
Nd4 Rcc8 22. Qe2 Bb4 23. Ncb5 Bxe1 24. Qxe1 Nc5 25. b3 Rfd8 26. Rc4 Nd5 27. Qe2
Ne7 28. Rdc1 Ne4 29. g3 Rxc4 30. Rxc4 Rc8 31. Rxc8+ Nxc8 32. Qc4 Qc5 33. Qxc5
Nxc5 34. Kf1 Kf8 35. Ke2 Ke7 36. f3 Nb6 37. Nc3 Kd6 38. Kd2 Nd5 39. Nxd5 Kxd5
40. Kc3 Na6 41. Nc2 1/2-1/2